00000000nam##2200000za#4500
0019.672004
003CaOODSP
00520220505163029
007ta
008150407|2010||||xxc|||||     f|0| 0 kor|d
020 |a978-0-662-03353-0
040 |aCaOODSP|bfre
041 |akor
043 |an-cn---
0861 |aHP40-38/2009Ko
1102 |aAgence de santé publique du Canada.
24510|aGuide des parents sur la vaccination
260 |aOttawa - Ontario : |bAgence de santé publique du Canada |cc2010.
300 |a15p. : |bfigures ; |c14 cm.
546 |aTexte en coréen.
563 |aCouverture souple
590 |a10-20|b2010-05-21
77508|tA parent's guide to immunization |w(CaOODSP)9.652098
77508|tA parent's guide to immunization |w(CaOODSP)9.671939
77508|tA parent's guide to immunization |w(CaOODSP)9.672527
77508|tA parent's guide to immunization |w(CaOODSP)9.672529
7760#|t[A parent's guide to immunization] |w(CaOODSP)9.675045
791 |tA parent's guide to immunization |eeng|w(CaOODSP)9.672003